FIFA World Cup 2026 - Brazil Squad - Statistics

General Stats
  • This quiz has been taken 5 times
  • The average score is 23 of 27
Answer Stats
Team # Position Club/Country Player % Correct
Brazil 6 LB CR Flamengo Alex Sandro
100%
Brazil 1 GK Liverpool FC Alisson
100%
Brazil 8 CM Newcastle United Bruno Guimarães
100%
Brazil Manager Italy Carlo Ancelotti
100%
Brazil 5 DM Manchester United Casemiro
100%
Brazil 23 GK Fenerbahce Ederson
100%
Brazil 3 CB Arsenal FC Gabriel
100%
Brazil 22 LW Arsenal FC Gabriel Martinelli
100%
Brazil 21 ST Brentford FC Igor Thiago
100%
Brazil 4 CB Paris Saint-Germain Marquinhos
100%
Brazil 9 ST Manchester United Matheus Cunha
100%
Brazil 10 AM Santos FC Neymar
100%
Brazil 11 LW FC Barcelona Raphinha
100%
Brazil 7 LW Real Madrid Vinicius Junior
100%
Brazil 14 CB Juventus FC Bremer
80%
Brazil 13 CB CR Flamengo Danilo
80%
Brazil 25 CM Botafogo de Futebol e Regatas Danilo
80%
Brazil 19 ST Olympique Lyon Endrick
80%
Brazil 15 DM Al-Ittihad Club Fabinho
80%
Brazil 20 AM CR Flamengo Lucas Paquetá
80%
Brazil 12 GK Grêmio Foot-Ball Porto Alegrense Weverton
80%
Brazil 16 LB Zenit St. Petersburg Douglas Santos
60%
Brazil 26 CB CR Flamengo Léo Pereira
60%
Brazil 18 RW Zenit St. Petersburg Luiz Henrique
60%
Brazil 17 RW AFC Bournemouth Rayan
60%
Brazil 24 CB Al-Ahli SFC Roger Ibañez
60%
Brazil 2 RB AS Roma Wesley
60%
No matching quizzes found
Score Distribution
Percent of People with Each Score
Percentile by Number Answered
Your Score History
You have not taken this quiz